000 00376 a2200145 4500
999 _c8086
_d8086
020 _a0669246050
050 _aHG3881GID2000
100 _aGiddy, Ian H.
245 _aGlobal financial markets /
_cIan H Giddy
264 _aNew Dehli
_bA.I.T.B.S Publishers
_c2000
300 _a583p.
500 _aIncludes index
650 _aFinancial markets
942 _2lcc
_cBK
_h3881
_iGID
_kHG